Online katalóg knižníc regiónu Turca

Tereza (Record no. 21039)

MARC details
000 -LEADER
fixed length control field 01246nam a2200373 a 4500
001 - CONTROL NUMBER
control field 21039
003 - CONTROL NUMBER IDENTIFIER
control field VRT
005 - DATE AND TIME OF LATEST TRANSACTION
control field 20260210163031.0
008 - FIXED-LENGTH DATA ELEMENTS--GENERAL INFORMATION
fixed length control field 250414s1989 xo 0 slo
015 ## - NATIONAL BIBLIOGRAPHY NUMBER
National bibliography number SNBA1989/07
035 ## - SYSTEM CONTROL NUMBER
System control number SNK000024387
039 #9 - LEVEL OF BIBLIOGRAPHIC CONTROL AND CODING DETAIL [OBSOLETE]
Level of rules in bibliographic description 202504141425
Level of effort used to assign nonsubject heading access points VLOAD
Level of effort used to assign subject headings 202411181551
Level of effort used to assign classification AUTHORITY
Level of effort used to assign subject headings 202403131450
Level of effort used to assign classification VLOAD
Level of effort used to assign subject headings 202208121244
Level of effort used to assign classification AUTHORITY
040 ## - CATALOGING SOURCE
Original cataloging agency SNK
Language of cataloging slo
Transcribing agency SNK
Description conventions AACR2
041 0# - LANGUAGE CODE
Language code of text/sound track or separate title slo
044 ## - COUNTRY OF PUBLISHING/PRODUCING ENTITY CODE
MARC country code xo
ISO country code SK
080 ## - UNIVERSAL DECIMAL CLASSIFICATION NUMBER
Universal Decimal Classification number 869.0 (81)-3
Edition identifier 1981
100 1# - MAIN ENTRY--PERSONAL NAME
Personal name Amado, Jorge,
Dates associated with a name 1912-2001
Relationship aut
245 10 - TITLE STATEMENT
Title Tereza
Statement of responsibility, etc. Jorge Amado ; Emília Obuchová, Ladislav Franek, Klára Šmídová, Karol Rosmány
250 ## - EDITION STATEMENT
Edition statement 1. vyd.
260 ## - PUBLICATION, DISTRIBUTION, ETC.
Place of publication, distribution, etc. Bratislava
Name of publisher, distributor, etc. Smena
Date of publication, distribution, etc. 1989
Place of manufacture Bratislava
Manufacturer Pravda
300 ## - PHYSICAL DESCRIPTION
Extent 472 s., 29,08 AH
Dimensions 20 cm
366 ## - TRADE AVAILABILITY INFORMATION
Note 30000 výtl.
490 0# - SERIES STATEMENT
Series statement Eva
Volume/sequential designation Zv. 109.
500 ## - GENERAL NOTE
General note Ilustr. na front.
700 1# - ADDED ENTRY--PERSONAL NAME
Personal name Obuchová, Emília,
Dates associated with a name 1932-
Relationship trl
700 1# - ADDED ENTRY--PERSONAL NAME
Personal name Franek, Ladislav,
Dates associated with a name 1947-
Relationship [ADC]
700 1# - ADDED ENTRY--PERSONAL NAME
Personal name Šmídová, Klára,
Dates associated with a name 1956-
Relationship bkd
700 1# - ADDED ENTRY--PERSONAL NAME
Personal name Rosmány, Karol,
Dates associated with a name 1937-2022
Relationship bkd
942 ## - ADDED ENTRY ELEMENTS (KOHA)
Source of classification or shelving scheme Dewey Decimal Classification
Koha item type Krásna literatúra pre dospelých
Suppress in OPAC No
949 ## - LOCAL PROCESSING INFORMATION (OCLC)
6 17A0074366
9 P60, <04>, [BOOK], {604}
a snkSC 74503 D1
949 ## - LOCAL PROCESSING INFORMATION (OCLC)
6 17A0997102
a snkSC 74503
Holdings
Stav vyradenia Strata Poškodenie Spôsob nadobudnutia Domovská knižnica Aktuálna knižnica Dátum nadobudnutia Total checkouts Čiarový kód exemplára Date last seen Typ exemplára
      Dar Obecná knižnica Horná Štubňa Obecná knižnica Horná Štubňa 10.02.2026   4736201222 10.02.2026 Krásna literatúra pre dospelých
Projekt je podporený Slovenskou asociáciou knižníc
Prevádzkuje Turčianska knižnica Martin 2026